000 00988nam a22002177a 4500
999 _c57098
_d57098
003 Ge_BSU
005 20191118150836.0
008 191118s2018 ge ||||| |||| 00| 0 geo d
020 _a9789941801334
041 _ageo
080 _a37.01 ბ-29
100 _aბასილაძე,ნოდარ.
_95401
245 _aპედაგოგიკა :
_b(პედაგოგიკის ზოგადი საფუძვლები და აღზრდის თეორია) /
_cნოდარ ბასილაძე ; რედ . იური ბიბილეიშვილი.
264 _aბათუმი :
_bშპს,,Word Print'',
_c2018.
300 _a391 გვ .:
_c20 სმ
504 _aბიბლიოგრაფ.გვ: 390-391
653 _aპედაგოგიკა
653 _aგანათლება
700 _aბიბილეიშვილი, იური
_eრედაქტორი
_9800
942 _2udc
_cBK